00438caa a22001932a 4500001000900000003001100009008004700020092001500067100002800082245004300110245001100153300000800164440000600172440000600178260001400184650002200198942000900220999001500229 001194 AR-FADEU 311216n############xxu####################dd aPP(361)MAR ade Jong, Eloísa Elena bViolencia familiar y maltrato infantil aMargen a3-9 v2 n3 cago. 1993 aFAMILIA-VIOLENCIA cPPGR c3972d3972